[Event "Marienbad Open 2022 - D Seniors Open"]
[Site "Continental hotel, Marianske Lazne"]
[Date "2022.01.18"]
[Round "5"]
[Board "3"]
[White "Tesar, Jan"]
[Black "Hulshof, Peter"]
[Result "1/2-1/2"]
[WhiteElo "1962"]
[BlackElo "2138"]
[PlyCount "32"]
[EventDate "2022.01.15"]
[EventRounds "9"]
[EventCountry "CZE"]

1. c4 g6 2. Nc3 Bg7 3. e4 d6 4. g3 e5 5. Bg2 c6 6. Nge2 Be6 7. d3 f5 8. O-O Nf6
9. b3 O-O 10. Bb2 Na6 11. Qd2 Qd7 12. Rad1 Rad8 13. d4 exd4 14. Nxd4 fxe4 15.
Nxe4 Nxe4 16. Bxe4 Bf7  1/2-1/2

[Event "Marienbad Open 2022 - D Seniors Open"]
[Site "Continental hotel, Marianske Lazne"]
[Date "2022.01.18"]
[Round "5"]
[Board "4"]
[White "Paldus, Petr"]
[Black "Palkova, Hana"]
[Result "1/2-1/2"]
[WhiteElo "1977"]
[BlackElo "1855"]
[PlyCount "47"]
[EventDate "2022.01.15"]
[EventRounds "9"]
[EventCountry "CZE"]

1. e4 c5 2. Nf3 e6 3. c3 Nf6 4. e5 Nd5 5. d4 cxd4 6. cxd4 b6 7. Nc3 Nxc3 8.
bxc3 d5 9. Bd3 Be7 10. O-O Nd7 11. Be3 Bb7 12. Rc1 Rc8 13. h3 Rc7 14. Nh2 Qc8
15. Bd2 Ba6 16. Qe2 Bc4 17. Rc2 Qa6 18. Bxc4 Qxc4 19. Qg4 g6 20. Bh6 Qd3 21.
Qd1 Qxd1 22. Rxd1 Rg8 23. f4 b5 24. Ng4  1/2-1/2

[Event "Marienbad Open 2022 - D Seniors Open"]
[Site "Continental hotel, Marianske Lazne"]
[Date "2022.01.18"]
[Round "5"]
[Board "5"]
[White "Malinovsky, Petr"]
[Black "Danko, Jiri"]
[Result "1-0"]
[WhiteElo "1979"]
[BlackElo "1800"]
[PlyCount "44"]
[EventDate "2022.01.15"]
[EventRounds "9"]
[EventCountry "CZE"]

1. d4 Nf6 2. c4 g6 3. f3 d6 4. e4 e5 5. d5 Bg7 6. Be3 O-O 7. Qd2 Nbd7 8. Ne2 h5
9. Nbc3 a6 10. h3 Kh7 11. Bg5 Qe8 12. g4 Rg8 13. Ng3 b6 14. Bd3 Qd8 15. O-O-O
Rb8 16. Kb1 Qe8 17. Rdg1 Bb7 18. Bh4 Qf8 19. gxh5 Bh6 20. hxg6+ Rxg6 21. Qe2 (
21. Qf2 Re8 22. Nf5 Nh5 23. Ne2 Ndf6) 21... Re8 22. Nf5 Nh5  1-0

[Event "Marienbad Open 2022 - D Seniors Open"]
[Site "Continental hotel, Marianske Lazne"]
[Date "2022.01.19"]
[Round "6"]
[Board "1"]
[White "Palek, Miroslav"]
[Black "Adrian, Claude"]
[Result "0-1"]
[WhiteElo "2115"]
[BlackElo "2180"]
[PlyCount "55"]
[EventDate "2022.01.15"]
[EventRounds "9"]
[EventCountry "CZE"]

1. e4 e6 2. d4 d5 3. exd5 exd5 4. Nf3 Bg4 5. h3 Bh5 6. Bd3 Nc6 7. c3 Bd6 8. O-O
Nge7 9. Re1 Qd7 10. Nbd2 O-O-O 11. b4 Rde8 12. Qa4 Kb8 13. b5 Nd8 14. Ne5 Bxe5
15. Rxe5 Bg6 16. Bf1 Nf5 17. Rxe8 Rxe8 18. Nf3 f6 19. Qb3 Nd6 20. a4 Be4 21.
Nd2 g5 22. a5 g4 23. hxg4 Qxg4 24. f3 Qg3 25. c4 dxc4 26. Nxc4 Bd5 27. Bd2 Nxc4
28. Bxc4  0-1

[Event "Marienbad Open 2022 - D Seniors Open"]
[Site "Continental hotel, Marianske Lazne"]
[Date "2022.01.19"]
[Round "6"]
[Board "2"]
[White "Hulshof, Peter"]
[Black "Malinovsky, Petr"]
[Result "1-0"]
[WhiteElo "2138"]
[BlackElo "1979"]
[PlyCount "71"]
[EventDate "2022.01.15"]
[EventRounds "9"]
[EventCountry "CZE"]

1. e4 c5 2. d3 Nc6 3. g3 g6 4. Bg2 Bg7 5. f4 e6 6. Nf3 Nge7 7. O-O O-O 8. c3 d5
9. e5 d4 10. c4 f6 11. exf6 Bxf6 12. Nbd2 Bg7 13. Ne4 b6 14. Qe2 e5 15. Nxe5
Nxe5 16. fxe5 Rxf1+ 17. Qxf1 Rb8 18. Bg5 Be6 19. Nf6+ Kh8 20. Qf4 Qc7 21. Re1
Nf5 22. Be4 Rf8 23. g4 Bxf6 24. exf6 Qxf4 25. Bxf4 Ne3 26. Bxe3 dxe3 27. g5 Kg8
28. Rxe3 Kf7 29. Bd5 Bxd5 30. Re7+ Kg8 31. Rg7+ Kh8 32. cxd5 h6 33. h4 Rd8 34.
Rxg6 hxg5 35. hxg5 Rxd5 36. f7  1-0

[Event "Marienbad Open 2022 - D Seniors Open"]
[Site "Continental hotel, Marianske Lazne"]
[Date "2022.01.19"]
[Round "6"]
[Board "3"]
[White "Yakimenko, Alexander A."]
[Black "Tesar, Jan"]
[Result "1-0"]
[WhiteElo "2055"]
[BlackElo "1962"]
[PlyCount "73"]
[EventDate "2022.01.15"]
[EventRounds "9"]
[EventCountry "CZE"]

1. e4 c5 2. Nf3 e6 3. d4 cxd4 4. Nxd4 a6 5. Bd3 Qc7 6. Be3 Nf6 7. Qe2 d6 8. g4
Be7 9. g5 Nfd7 10. f4 Nc6 11. Nc3 b5 12. f5 Nde5 13. fxe6 fxe6 14. Nxc6 Qxc6
15. Rf1 Bb7 16. a3 O-O-O 17. O-O-O Kb8 18. Kb1 Rc8 19. h4 Rhe8 20. Bg1 Qc7 21.
Na2 d5 22. Nb4 Bc5 23. Bh2 Bd6 24. Bg1 Bc5 25. Bh2 Bd6 26. exd5 exd5 27. Bf5
Nc4 28. Bxd6 Qxd6 29. Qd3 Rc7 30. Rfe1 Re5 31. Bxh7 Rce7 32. Rxe5 Rxe5 33. Qd4
a5 34. Nd3 Re2 35. Nf4 Re5 36. Bd3 b4 37. Bxc4  1-0

[Event "Marienbad Open 2022 - D Seniors Open"]
[Site "Continental hotel, Marianske Lazne"]
[Date "2022.01.19"]
[Round "6"]
[Board "4"]
[White "Palkova, Hana"]
[Black "Briza, Jiri"]
[Result "1/2-1/2"]
[WhiteElo "1855"]
[BlackElo "1904"]
[PlyCount "38"]
[EventDate "2022.01.15"]
[EventRounds "9"]
[EventCountry "CZE"]

1. d4 e6 2. c4 f5 3. Nc3 Nf6 4. Nf3 d5 5. e3 c6 6. a3 Bd6 7. Be2 O-O 8. b4 Ne4
9. Qc2 Nd7 10. g3 Ndf6 11. Nd1 Qe7 12. c5 Bc7 13. Ne5 Bd7 14. f3 Ng5 15. Kf2
Be8 16. Kg2 Bxe5 17. dxe5 Nd7 18. Bb2 Bg6 19. Qd2 Nf7  1/2-1/2

[Event "Marienbad Open 2022 - D Seniors Open"]
[Site "Continental hotel, Marianske Lazne"]
[Date "2022.01.19"]
[Round "6"]
[Board "5"]
[White "Voegerl, Ronald"]
[Black "Spanton, Tim R"]
[Result "0-1"]
[WhiteElo "1904"]
[BlackElo "1825"]
[PlyCount "92"]
[EventDate "2022.01.15"]
[EventRounds "9"]
[EventCountry "CZE"]

{[%evp 0,13,28,24,26,-16,-4,23,38,35,12,35,38,38,42,-10]} 1. d4 d5 2. c4 Nf6 3.
cxd5 Qxd5 4. e3 e5 5. Nc3 Bb4 6. Bd2 Bxc3 7. bxc3 Nc6 8. f3 O-O 9. c4 Qd6 10.
d5 Nb8 11. Bd3 Na6 12. Ne2 Nc5 13. Bc2 e4 14. Ng3 Re8 15. O-O h5 16. Bc3 h4 17.
Nxe4 Ncxe4 18. fxe4 Ng4 19. e5 Rxe5 20. c5 Qxc5 21. Qf3 Qxe3+ 22. Qxe3 Rxe3 23.
Rae1 Bd7 24. Bd4 Ree8 25. h3 Nf6 26. Bb3 Bb5 27. Rxe8+ Rxe8 28. Rc1 c6 29. a4
Bxa4 30. Bxa4 Nxd5 31. Bc2 b6 32. Kf2 g5 33. Re1 Rxe1 34. Kxe1 Kf8 35. Kf2 Ke7
36. Kf3 Kd6 37. Bf2 a5 38. Bb3 b5 39. Ke4 a4 40. Bxd5 cxd5+ 41. Kd3 Ke5 42. g4
f5 43. gxf5 Kxf5 44. Be3 Ke6 45. Bxg5 b4 46. Bxh4 a3  0-1

[Event "Marienbad Open 2022 - D Seniors Open"]
[Site "Continental hotel, Marianske Lazne"]
[Date "2022.01.20"]
[Round "7"]
[Board "1"]
[White "Adrian, Claude"]
[Black "Hulshof, Peter"]
[Result "1/2-1/2"]
[WhiteElo "2180"]
[BlackElo "2138"]
[PlyCount "29"]
[EventDate "2022.01.15"]
[EventRounds "9"]
[EventCountry "CZE"]

1. Nf3 g6 2. d4 Bg7 3. c4 d6 4. g3 e5 5. dxe5 dxe5 6. Qxd8+ Kxd8 7. Nc3 f6 8.
Be3 Be6 9. Bg2 Nd7 10. O-O Ne7 11. Rfd1 Kc8 12. Ne4 f5 13. Nfg5 Bg8 14. Nc5
Nxc5 15. Bxc5  1/2-1/2

[Event "Marienbad Open 2022 - D Seniors Open"]
[Site "Continental hotel, Marianske Lazne"]
[Date "2022.01.20"]
[Round "7"]
[Board "2"]
[White "Spanton, Tim R"]
[Black "Palek, Miroslav"]
[Result "1/2-1/2"]
[WhiteElo "1825"]
[BlackElo "2115"]
[PlyCount "150"]
[EventDate "2022.01.15"]
[EventRounds "9"]
[EventCountry "CZE"]

1. Nc3 g6 2. e4 Bg7 3. Nf3 d6 4. d4 Nf6 5. Be2 O-O 6. O-O c6 7. a4 Qc7 8. h3
Nbd7 9. Be3 b6 10. Qd2 Re8 11. Rfe1 a6 12. e5 Nd5 13. exd6 Qxd6 14. Nxd5 cxd5
15. Bf4 Qc6 16. Ne5 Nxe5 17. Bxe5 f6 18. Bg3 Be6 19. Bf3 Bf7 20. c4 Ra7 21.
Rec1 Qd7 22. a5 b5 23. cxb5 Qxb5 24. Rc5 Qd7 25. Rac1 e5 26. dxe5 Bf8 27. e6
Bxe6 28. Rc7 Rxc7 29. Rxc7 Qb5 30. Qd4 Be7 31. Qa7 Bf8 32. Rxh7 Qxa5 33. Rc7
Qa1+ 34. Kh2 Qxb2 35. Qxa6 Qa3 36. Qc6 Qa8 37. Rb7 Re7 38. Bxd5 Qxb7 39. Qxb7
Rxb7 40. Bxb7 Bc5 41. Be4 Kf7 42. Bd3 Bd5 43. Kg1 Kg7 44. Bc7 Kf7 45. h4 Kg7
46. g3 Bf3 47. Bf1 Kf7 48. Bg2 Be2 49. Bd5+ Kg7 50. Kg2 Bg4 51. f3 Bf5 52. g4
Bd3 53. Kg3 Be3 54. Bd6 Bd2 55. Bc5 Be1+ 56. Bf2 Bd2 57. f4 Be2 58. Be4 Kf7 59.
f5 gxf5 60. Bxf5 Kg7 61. Be4 Kf7 62. h5 Kg7 63. Bf3 Bc4 64. Bd4 Be6 65. Be4 Bg5
66. Kf3 Bb3 67. Kg3 Kf7 68. Bg6+ Kg7 69. Bc5 Bd5 70. Bf5 Bc6 71. Be7 Kf7 72.
Bd6 Ba4 73. Bf4 Kg7 74. Bxg5 fxg5 75. Kf3 Kh6  1/2-1/2

[Event "Marienbad Open 2022 - D Seniors Open"]
[Site "Continental hotel, Marianske Lazne"]
[Date "2022.01.20"]
[Round "7"]
[Board "3"]
[White "Briza, Jiri"]
[Black "Yakimenko, Alexander A."]
[Result "0-1"]
[WhiteElo "1904"]
[BlackElo "2055"]
[PlyCount "66"]
[EventDate "2022.01.15"]
[EventRounds "9"]
[EventCountry "CZE"]

1. Nf3 e6 2. g3 f5 3. d3 Nf6 4. Bg2 b6 5. O-O Bb7 6. c4 g6 7. Bg5 h6 8. Bxf6
Qxf6 9. Nc3 Bg7 10. Nb5 Qd8 11. Qc2 O-O 12. d4 Be4 13. Qd2 d6 14. Nh4 Bxg2 15.
Nxg2 a6 16. Nc3 Qe8 17. a4 Nc6 18. e3 Na5 19. Qd3 c5 20. d5 e5 21. e4 f4 22. f3
fxg3 23. hxg3 Nb3 24. Ra3 Nd4 25. Ne2 Rb8 26. Nxd4 cxd4 27. Re1 Qc8 28. Raa1
Rb7 29. Kf2 Rbf7 30. Nh4 Kh7 31. b3 Bf6 32. Rh1 Bxh4 33. Rxh4 g5  0-1

[Event "Marienbad Open 2022 - D Seniors Open"]
[Site "Continental hotel, Marianske Lazne"]
[Date "2022.01.20"]
[Round "7"]
[Board "5"]
[White "Kucera, Jiri"]
[Black "Palkova, Hana"]
[Result "1-0"]
[WhiteElo "1972"]
[BlackElo "1855"]
[PlyCount "89"]
[EventDate "2022.01.15"]
[EventRounds "9"]
[EventCountry "CZE"]

1. e4 c5 2. Nf3 e6 3. g3 d6 4. Bg2 Nf6 5. c3 Nc6 6. Qe2 Be7 7. d4 cxd4 8. cxd4
O-O 9. Nc3 a6 10. O-O Rb8 11. Rd1 Qc7 12. e5 dxe5 13. dxe5 Nd7 14. Bf4 Nc5 15.
Rac1 h6 16. h4 Rd8 17. Ne4 Rxd1+ 18. Rxd1 Nxe4 19. Qxe4 Qb6 20. Nd4 Nxd4 21.
Qxd4 Qxd4 22. Rxd4 Kf8 23. Rc4 Ke8 24. Be3 b5 25. Rg4 Bf8 26. Ba7 Rb7 27. Bxb7
Bxb7 28. Rd4 Bd5 29. a3 g6 30. Kf1 Bg7 31. f4 g5 32. Bc5 f6 33. Bd6 gxf4 34.
gxf4 h5 35. Kf2 Kd7 36. Rd1 fxe5 37. Bxe5 Bxe5 38. fxe5 Kc6 39. Rc1+ Kb6 40.
Ke3 a5 41. b4 axb4 42. axb4 Bc4 43. Rg1 Bb3 44. Rg6 Kc6 45. Kd4  1-0

[Event "Marienbad Open 2022 - D Seniors Open"]
[Site "Continental hotel, Marianske Lazne"]
[Date "2022.01.21"]
[Round "8"]
[Board "1"]
[White "Yakimenko, Alexander A."]
[Black "Adrian, Claude"]
[Result "0-1"]
[WhiteElo "2055"]
[BlackElo "2180"]
[PlyCount "130"]
[EventDate "2022.01.15"]
[EventRounds "9"]
[EventCountry "CZE"]

1. e4 e6 2. d4 d5 3. Nc3 Bb4 4. Nge2 Nc6 5. a3 Ba5 6. Be3 Nge7 7. g3 dxe4 8. b4
Bb6 9. Nxe4 e5 10. dxe5 Qxd1+ 11. Rxd1 Nxe5 12. Bg2 Bxe3 13. fxe3 Nf5 14. Kf2
Ng4+ 15. Kf3 Ngxe3 16. Rd3 Nxg2 17. Kxg2 b6 18. N2c3 Bb7 19. Kf2 O-O 20. Rhd1
Rae8 21. Ng5 Nd6 22. Rd4 Re5 23. Nf3 Rf5 24. Rf4 Rxf4 25. gxf4 f6 26. Nd4 a6
27. Ne6 Rc8 28. Nd5 Bxd5 29. Rxd5 Kf7 30. Nxc7 Ke7 31. Nxa6 Rxc2+ 32. Kg1 Ke6
33. Rd4 Nb5 34. Rd3 Ra2 35. Nb8 Rxa3 36. f5+ Ke5 37. Nd7+ Ke4 38. Rxa3 Nxa3 39.
Nxb6 Kxf5 40. Nd7 g5 41. Kg2 Nb5 42. Kg3 h5 43. h3 Nd4 44. Nc5 Ke5 45. Nd3+ Ke4
46. Nb2 f5 47. Nc4 Nb5 48. Kf2 f4 49. Nd2+ Kf5 50. Nc4 g4 51. hxg4+ hxg4 52.
Nd2 Nc3 53. Kg2 Ne4 54. Nf1 f3+ 55. Kg1 Nc3 56. Ng3+ Kf4 57. Nh5+ Kg5 58. Ng3
Kf4 59. Nh5+ Ke3 60. Kh2 Kf2 61. Ng3 Ne2 62. Nh1+ Ke1 63. b5 f2 64. Nxf2 Kxf2
65. b6 Nf4  0-1

[Event "Marienbad Open 2022 - D Seniors Open"]
[Site "Continental hotel, Marianske Lazne"]
[Date "2022.01.21"]
[Round "8"]
[Board "2"]
[White "Hulshof, Peter"]
[Black "Spanton, Tim R"]
[Result "1-0"]
[WhiteElo "2138"]
[BlackElo "1825"]
[PlyCount "53"]
[EventDate "2022.01.15"]
[EventRounds "9"]
[EventCountry "CZE"]

1. g3 e5 2. Bg2 d5 3. d3 Nf6 4. c3 Be7 5. Nf3 Nc6 6. Qc2 a5 7. O-O O-O 8. e4
Re8 9. h3 h6 10. Re1 Bf8 11. Nbd2 Be6 12. b3 Qd7 13. Kh2 Rad8 14. Bb2 g6 15.
exd5 Bxd5 16. Ne4 Bg7 17. Rad1 b6 18. c4 Nb4 19. Qb1 Ba8 20. Nxe5 Qf5 21. f4
Nxd3 22. Nxf6+ Bxf6 23. Rxd3 Bxg2 24. Kxg2 Bxe5 25. Rxd8 Rxd8 26. Qxf5 gxf5 27.
Bxe5  1-0

[Event "Marienbad Open 2022 - D Seniors Open"]
[Site "Continental hotel, Marianske Lazne"]
[Date "2022.01.21"]
[Round "8"]
[Board "3"]
[White "Palek, Miroslav"]
[Black "Kucera, Jiri"]
[Result "1-0"]
[WhiteElo "2115"]
[BlackElo "1972"]
[PlyCount "25"]
[EventDate "2022.01.15"]
[EventRounds "9"]
[EventCountry "CZE"]

1. e4 c5 2. Nf3 e6 3. g3 Nc6 4. Bg2 d5 5. exd5 exd5 6. d4 Nf6 7. O-O c4 8. b3
b5 9. a4 cxb3 10. axb5 bxc2 11. Qxc2 Ne7 12. Re1 g6 13. Qc6+  1-0

[Event "Marienbad Open 2022 - D Seniors Open"]
[Site "Continental hotel, Marianske Lazne"]
[Date "2022.01.21"]
[Round "8"]
[Board "4"]
[White "Sobotnik, Petr"]
[Black "Paldus, Petr"]
[Result "1/2-1/2"]
[WhiteElo "1914"]
[BlackElo "1977"]
[PlyCount "139"]
[EventDate "2022.01.15"]
[EventRounds "9"]
[EventCountry "CZE"]

1. d4 d5 2. Bf4 e6 3. Nf3 c6 4. e3 f5 5. c4 Nf6 6. Nc3 Be7 7. Ne5 O-O 8. Be2
Nbd7 9. h3 Nxe5 10. Bxe5 Bd6 11. Bxd6 Qxd6 12. c5 Qc7 13. f4 b5 14. Bd3 a5 15.
O-O Bd7 16. Kh2 a4 17. a3 Ne4 18. Nxe4 fxe4 19. Be2 Be8 20. Qe1 Bg6 21. g4 Rfb8
22. Qb4 Qa5 23. Kg2 Qd8 24. Kg3 Qa5 25. h4 h6 26. Kh3 Rb7 27. h5 Bh7 28. Rfb1
g5 29. fxg5 hxg5 30. Rf1 Kg7 31. Rf2 Qxb4 32. axb4 Rf7 33. Rxf7+ Kxf7 34. Ra3
e5 35. b3 axb3 36. Rxb3 Ra2 37. Bf1 exd4 38. exd4 Rd2 39. Ra3 e3 40. Rxe3 Rxd4
41. Ra3 Rxb4 42. Ra7+ Kg8 43. Rc7 Rb3+ 44. Kh2 Rb1 45. Rc8+ Kf7 46. Rc7+ Ke6
47. Rxh7 Rxf1 48. Rc7 Ke5 49. Rxc6 d4 50. Rb6 d3 51. Rd6 Rc1 52. Rxd3 Rxc5 53.
h6 Rc7 54. Rb3 Rb7 55. Kg3 Kf6 56. Kf2 Kg6 57. Rh3 b4 58. Ke2 Kh7 59. Kd2 b3
60. Kc1 b2+ 61. Kb1 Rb4 62. Rh5 Rb5 63. Rh2 Rb4 64. Rh5 Rxg4 65. Kxb2 Rg3 66.
Kc2 g4 67. Rh4 Rg1 68. Kd2 g3 69. Ke2 g2 70. Rg4  1/2-1/2

[Event "Marienbad Open 2022 - D Seniors Open"]
[Site "Continental hotel, Marianske Lazne"]
[Date "2022.01.22"]
[Round "9"]
[Board "2"]
[White "Yakimenko, Alexander A."]
[Black "Hulshof, Peter"]
[Result "1-0"]
[WhiteElo "2055"]
[BlackElo "2138"]
[PlyCount "63"]
[EventDate "2022.01.15"]
[EventRounds "9"]
[EventCountry "CZE"]

1. e4 g6 2. d4 Bg7 3. Nc3 c6 4. Nf3 d5 5. h3 Nf6 6. e5 Ne4 7. Nxe4 dxe4 8. Ng5
c5 9. e6 Bxe6 10. Nxe6 fxe6 11. dxc5 Qxd1+ 12. Kxd1 Nd7 13. Be3 Kf7 14. Bb5
Rhd8 15. Ke2 Bxb2 16. Rab1 Be5 17. Rhd1 Nf6 18. c4 Rxd1 19. Rxd1 Rc8 20. Ba4
Rc7 21. Rd8 Bc3 22. Ra8 a6 23. c6 bxc6 24. Rxa6 c5 25. Bb5 Ne8 26. a4 Nd6 27.
g4 h5 28. Ra8 hxg4 29. hxg4 Nb7 30. Ra7 Ba5 31. Bf4 Bb6 32. Ra6  1-0

[Event "Marienbad Open 2022 - D Seniors Open"]
[Site "Continental hotel, Marianske Lazne"]
[Date "2022.01.22"]
[Round "9"]
[Board "4"]
[White "Kucera, Jiri"]
[Black "Sobotnik, Petr"]
[Result "1/2-1/2"]
[WhiteElo "1972"]
[BlackElo "1914"]
[PlyCount "31"]
[EventDate "2022.01.15"]
[EventRounds "9"]
[EventCountry "CZE"]

1. e4 c6 2. d4 d5 3. e5 Bf5 4. Nf3 e6 5. Be2 c5 6. Nbd2 Nc6 7. dxc5 Bxc5 8. Nb3
Bb6 9. Nbd4 Bxd4 10. Nxd4 Nxd4 11. Qxd4 Ne7 12. Bb5+ Nc6 13. O-O O-O 14. Bxc6
bxc6 15. Be3 Qc7 16. c3  1/2-1/2

[Event "Marienbad Open 2022 - D Seniors Open"]
[Site "Continental hotel, Marianske Lazne"]
[Date "2022.01.22"]
[Round "9"]
[Board "5"]
[White "Spanton, Tim R"]
[Black "Sielicki, Tomasz"]
[Result "1/2-1/2"]
[WhiteElo "1825"]
[BlackElo "1876"]
[PlyCount "58"]
[EventDate "2022.01.15"]
[EventRounds "9"]
[EventCountry "CZE"]

1. e4 c6 2. d4 d5 3. Nc3 dxe4 4. Nxe4 Nf6 5. Nxf6+ exf6 6. Nf3 Bd6 7. Qe2+ Be7
8. Be3 O-O 9. Qd2 Re8 10. Bd3 Bd6 11. O-O Nd7 12. Bf4 Nf8 13. Rfe1 Be6 14. Bxd6
Qxd6 15. a4 Ng6 16. Bxg6 hxg6 17. Re3 Bg4 18. Rae1 Red8 19. h3 Be6 20. Rd1 Rd7
21. b3 Rad8 22. c4 g5 23. g4 Qf4 24. Rd3 Kh7 25. Qxf4 gxf4 26. Kg2 g5 27. R3d2
Kg6 28. Rd3 Rd6 29. R3d2 R6d7  1/2-1/2